Využitie štatistických metód pri realizácii marketingových kampaní dizertačná práca

Salvato in:
Dettagli Bibliografici
Autore principale: Mišovič, Andrej, 1984-
Ente Autore: Fakulta hospodárskej informatiky EU. Katedra štatistiky
Altri autori: Šoltés, Erik, 1974-
Natura: Libro
Lingua:slovacco
Pubblicazione: Bratislava 2017
Soggetti:
Tags: Aggiungi Tag
Nessun Tag, puoi essere il primo ad aggiungerne!!

MARC

LEADER 00000nbm a2200000 4500
001 0235494
005 20230302104059.5
041 0 |a slo 
044 |a SK 
245 1 0 |a Využitie štatistických metód pri realizácii marketingových kampaní  |b dizertačná práca  |c Andrej Mišovič ; školiteľ: Erik Šoltés 
264 1 |a Bratislava  |c 2017 
300 |a 131 s. 
610 2 0 |a marketing 
610 2 0 |a marketing priamy 
610 2 0 |a kampane reklamné 
610 2 0 |a zákazníci 
610 2 0 |a dáta 
610 2 0 |a metódy štatistické 
610 2 0 |a regresia 
610 2 0 |a logistika 
610 2 0 |a modelovanie ekonometrické 
100 1 |a Mišovič, Andrej, 1984- 
700 1 |a Šoltés, Erik, 1974- 
710 2 |a Fakulta hospodárskej informatiky EU. Katedra štatistiky